000 00475nam a2200169 i 4500
001 51353
003 ES-MaACL
005 20230906162336.0
007 t|
008 030812s1916 sp ||||1| spa d
100 1 _aCharriaut, Henri.
_938120
245 1 2 _aL'Italie en guerre /
_cpar Henri Charriaut et Amici-Grossi.
260 _aParis :
_b[s.n.,
_c1916] (
_fHemmerlé et Cie.)
300 _a336 p. ;
_c18 cm.
700 1 _aAmici-Grossi.
_921228
852 _aES-MaACL
_jF-6375
999 _c51353
_d51353